LDR 01188naa#a2200217#i#450# 001 RU\\bibl\19979 005 20260702073942.4 100 ## _a20260630b2026####ek#y0rusy0150####ca 102 ## _aRU 200 1# _aИНФРАСТРУКТУРНЫЙ УРОВЕНЬ ОПТИМИЗАЦИИ ИНФЕРЕНСА НЕЙРОННЫХ СЕТЕЙ: ПЛАТФОРМЫ ОБСЛУЖИВАНИЯ МОДЕЛЕЙ И РАСПРЕДЕЛЕННЫЕ ВЫЧИСЛЕНИЯ _eСтатья/тезисы конференции 210 1# _aВоронеж _cВоронежский государственный лесотехнический университет имени Г.Ф. Морозова _d2026 215 ## _a9 с. 608 ## _aСтатья/тезисы конференции _2local 675 ## _aИнформационные технологии. Компьютерные технологии. Теория вычислительных машин и систем. 004 _z 700 #1 _aМерзляков _gН. В. 700 #1 _aСемкин _gА. А. 700 #1 _aМатвийчук _gБ. С. 700 #1 _aСедых _gД. А. 700 #1 _aДудник _gС. П. 700 #1 _aВытовтов _gП. Д. 856 4# _abibl.vgltu.ru _u